[Event "35th Cannes FIJ Open 2022"]
[Site "Cannes"]
[Date "2022.02.24"]
[Round "5.2"]
[White "Boyer, Mahel"]
[Black "Razafindratsima, Timothe"]
[Result "1-0"]
[WhiteElo "2407"]
[BlackElo "2386"]
[Annotator "RC"]
[PlyCount "153"]
[EventDate "2022.02.21"]
[EventType "swiss"]
[EventCountry "FRA"]
[SourceTitle "playchess.com"]
[Source "ChessBase"]
[SourceQuality "1"]
[TimeControl "40/5400+30:1800+30"]

1. Nf3 {[%emt 0:08:53]} c5 {[%emt 0:00:10]} 2. c4 {[%emt 0:00:37]} Nc6 {[%emt 0:00:23]} 3. Nc3 {[%emt 0:00:26]} g6 {[%emt 0:00:13]} 4. e3 {[%emt 0:00:42]} Nf6 {[%emt 0:00:08]} 5. d4 {[%emt 0:00:10]} cxd4 {[%emt 0:00:07]} 6. exd4 {[%emt 0:00:05]} d5 {[%emt 0:00:14]} 7. cxd5 {[%emt 0:01:20]} Nxd5 {[%emt 0:00:08]} 8. Qb3 {[%emt 0:01:32]} Nxc3 {[%emt 0:00:12]} 9. Bc4 {[%emt 0:00:10]} e6 {[%emt 0:00:05]} 10. bxc3 {[%emt 0:00:05]} Bd7 {[%emt 0:00:05]} 11. Be2 {[%emt 0:01:06]} Qc7 {[%emt 0:03:26]} 12. O-O {[%emt 0:01:12]} Bg7 {[%emt 0:06:28]} 13. Ba3 {[%emt 0:00:16]} Na5 {[%emt 0:00:37]} 14. Qb2 {[%emt 0:02:02]} O-O-O {[%emt 0:16:41]} 15. Be7 {[%emt 0:11:29]} Rde8 {[%emt 0:00:49]} 16. Bh4 {[%emt 0:00:07]} f6 {[%emt 0:09:34]} 17. Bg3 {[%emt 0:02:20]} e5 {[%emt 0:00:21]} 18. Rfd1 {[%emt 0:10:10]} Ba4 {[%emt 0:15:13]} 19. Re1 {[%emt 0:03:43]} Kb8 {[%emt 0:03:21]} 20. Rab1 {[%emt 0:05:34]} Ka8 {[%emt 0:04:23]} 21. h3 {[%emt 0:09:28]} Bd7 {[%emt 0:14:58]} 22. Bf1 {[%emt 0:16:03]} Re6 {[%emt 0:08:45]} 23. c4 {[%emt 0:08:47]} Rb6 {[%emt 0:03:28]} 24. Qc3 {[%emt 0:01:45]} Rxb1 {[%emt 0:00:31]} 25. Rxb1 {[%emt 0:00:03]} Re8 {[%emt 0:00:40]} 26. c5 {[%emt 0:02:26]} Bc6 {[%emt 0:01:10]} 27. Bb5 {[%emt 0:04:07]} Bxb5 {[%emt 0:01:24]} 28. Rxb5 {[%emt 0:00:07]} Nc6 {[%emt 0:00:39]} 29. d5 {[%emt 0:00:22]} Nb8 {[%emt 0:00:31]} 30. Qc4 {[%emt 0:05:00]} a6 {[%emt 0:00:52]} 31. Rb1 {[%emt 0:01:23]} Qf7 {[%emt 0:05:08]} 32. Nd2 {[%emt 0:02:18]} Rd8 {[%emt 0:02:22]} 33. Qb3 {[%emt 0:01:01]} Bf8 {[%emt 0:01:52]} 34. c6 {[%emt 0:00:25]} bxc6 {[%emt 0:01:57]} 35. Qb6 {[%emt 0:00:40]} Re8 {[%emt 0:00:23]} 36. dxc6 {[%emt 0:00:42]} Qa7 {[%emt 0:00:35]} 37. Nc4 {[%emt 0:00:04]} Bc5 {[%emt 0:00:22]} 38. Qb3 {[%emt 0:01:43]} Nxc6 {[%emt 0:00:43]} 39. Qf3 {[%emt 0:00:07]} e4 {[%emt 0:00:30]} 40. Qxf6 {[%emt 0:00:12]} Qd7 {[%emt 0:00:29]} 41. Nb6+ {[%emt 0:09:32]} Bxb6 {[%emt 0:00:00]} 42. Rxb6 {[%emt 0:00:02]} Re6 {[%emt 0:01:49]} 43. Qb2 {[%emt 0:00:38]} Qc8 {[%emt 0:00:11]} 44. Qa3 {[%emt 0:01:12]} Nd8 {[%emt 0:05:41]} 45. Rb8+ {[%emt 0:04:27]} Qxb8 {[%emt 0:00:05]} 46. Bxb8 {[%emt 0:00:03]} Kxb8 {[%emt 0:00:09]} 47. Qb2+ {[%emt 0:01:05]} Kc8 {[%emt 0:00:24]} 48. Qc3+ {[%emt 0:00:04]} Rc6 {[%emt 0:02:00]} 49. Qe3 {[%emt 0:00:40]} Re6 {[%emt 0:00:15]} 50. Qc5+ {[%emt 0:00:21]} Kb7 {[%emt 0:04:52]} 51. Qd5+ {[%emt 0:00:18]} Kc7 {[%emt 0:00:07]} 52. g4 {[%emt 0:00:23]} Kc8 {[%emt 0:07:50]} 53. g5 {[%emt 0:04:56]} Kc7 {[%emt 0:00:45]} 54. h4 {[%emt 0:00:05]} Kc8 {[%emt 0:03:11]} 55. Qa8+ {[%emt 0:00:14]} Kc7 {[%emt 0:00:06]} 56. Qa7+ {[%emt 0:00:02]} Nb7 {[%emt 0:00:05]} 57. Qd4 {[%emt 0:00:04]} Re7 {[%emt 0:01:05]} 58. Qc4+ {[%emt 0:00:15]} Kd6 {[%emt 0:00:04]} 59. Qxa6+ {[%emt 0:00:04]} Kd5 {[%emt 0:00:05]} 60. a4 {[%emt 0:01:43]} Nc5 {[%emt 0:01:37]} 61. Qb6 {[%emt 0:00:12]} Rb7 {[%emt 0:00:28]} 62. Qd8+ {[%emt 0:00:08]} Kc4 {[%emt 0:00:44]} 63. Qe8 {[%emt 0:00:42]} Rd7 {[%emt 0:05:22]} 64. Qc8 {[%emt 0:01:08]} Ra7 {[%emt 0:01:40]} 65. Qc6 {[%emt 0:02:01]} Rxa4 {[%emt 0:00:41]} 66. Qc7 {[%emt 0:00:05]} Ra6 {[%emt 0:00:03]} 67. Qxh7 {[%emt 0:00:07]} Ra1+ {[%emt 0:02:09]} 68. Kh2 {[%emt 0:00:21]} Kd3 {[%emt 0:01:32]} 69. Qxg6 {[%emt 0:00:45]} Nb3 {[%emt 0:01:08]} 70. Qd6+ {[%emt 0:01:39]} Nd4 {[%emt 0:00:48]} 71. g6 {[%emt 0:01:27]} e3 {[%emt 0:00:35]} 72. fxe3 {[%emt 0:00:41]} Kxe3 {[%emt 0:00:12]} 73. Qe5+ {[%emt 0:00:09]} Kd3 {[%emt 0:00:15]} 74. Qg3+ {[%emt 0:00:03]} Ke4 {[%emt 0:00:39]} 75. g7 {[%emt 0:00:24]} Nf3+ {[%emt 0:00:52]} 76. Qxf3+ {[%emt 0:00:10]} Kxf3 {[%emt 0:00:04]} 77. g8=Q {[%emt 0:00:06]} 1-0

[Event "35th Cannes FIJ Open 2022"]
[Site "Cannes"]
[Date "2022.02.24"]
[Round "5.3"]
[White "Barseghyan, Harutyun"]
[Black "Nihal Sarin"]
[Result "0-1"]
[WhiteElo "2439"]
[BlackElo "2656"]
[Annotator "TA"]
[PlyCount "128"]
[EventDate "2022.02.21"]
[EventType "swiss"]
[EventCountry "FRA"]
[SourceTitle "playchess.com"]
[Source "ChessBase"]
[SourceQuality "1"]

{[%evp 14,128,0,-7,6,-3,0,-5,0,-12,-10,-40,-26,-37,-40,-41,-23,-41,-36,-72,-72,-74,-56,-171,-93,-120,-122,-175,-186,-175,-106,-129,-119,-383,-377,-406,-410,-403,-408,-414,-403,-394,-319,-353,-87,-78,-109,-106,-120,-110,-98,-103,-61,-110,-123,-116,-103,-125,-106,-128,-118,-174,-168,-239,-227,-335,-328,-261,-309,-340,-320,-377,-360,-656,-687,-720,-720,-830,0,-287,0,-941,-928,-933,-922,-927,-910,-861,-868,-861,-856,-783,-772,-762,-725,-650,-578,-902,-895,-29974,-29975,-29959,-29963,-6732,-6732,-29977,-29978,-29978,-29978,-29981,-29982,-29982,-29983,-29983,-29984,-29983,-29984]} 1. d4 Nf6 2. c4 g6 3. Nc3 Bg7 4. Nf3 d6 5. Bg5 h6 6. Bh4 g5 7. Bg3 Nh5 8. e3 c5 {E61: King's Indian: Early deviations for White, including Smyslov System.} 9. d5 Nxg3 $5 {[%mdl 4] An interesting side line.} 10. hxg3 Bxc3+ {The position is equal.} 11. bxc3 {[%cal Of3g5]} Kd7 12. Nd2 Kc7 {[#]} 13. Be2 $146 ({Predecessor:} 13. Qc2 Nd7 14. Be2 Qg8 15. O-O-O Nf6 16. f3 Bd7 17. Bd3 Qg7 18. Qb3 Rhb8 19. Kc2 {½-½ (33) Pastar,S (2299)-Draskovic,L (2470) Podgorica 2020}) 13... Qf8 14. Rb1 Nd7 15. Qa4 f5 (15... Nb6 $5 {[%cal Rb6a4]} 16. Qa5 (16. Rxb6 $2 Kxb6 17. O-O Kc7 $17) 16... Kb8 $11) 16. Qa5+ b6 17. Qa4 Qg7 18. O-O ({Better is} 18. Qc2 $15) 18... Qxc3 (18... h5 $1 $19 {Strongly threatening ...Ne5.} 19. Rb3 (19. Qc6+ Kb8 $17) 19... Bb7) 19. Nb3 Kd8 20. Rfc1 (20. Bh5 $17) 20... Qf6 $19 21. Bh5 {[%cal Ob3a5]} (21. Qc6 Rb8 22. Qa4 Rb7) 21... Ne5 (21... g4 $1 $19 22. Na5 (22. Qc6 Rb8 $17) 22... Ne5 23. Nc6+ Nxc6 24. dxc6 (24. Qxc6 $2 Rb8 $17) 24... Kc7) 22. f4 Nd3 23. Na5 $2 {[%mdl 8192]} Nxc1 (23... bxa5 24. Qxa5+ Kd7 25. Qb5+ Kd8 26. Qc6 (26. Qa5+ Kd7 $11) 26... gxf4 27. Qxa8 $11) 24. Nc6+ Kc7 {And now ...Qc3 would win.} 25. Rxc1 Bd7 26. Rb1 Qc3 27. Rb3 Qe1+ 28. Kh2 {[#]} e5 $2 (28... Qa5 $3 $19 {[%mdl 512] and Black stays clearly on top.} 29. Qxa5 bxa5 30. Nxe7 a4) 29. fxe5 $17 {[#] e6 is the strong threat.} Qa5 $1 30. Qxa5 bxa5 {Chess con chili.} 31. exd6+ Kxd6 32. Nxa5 {[#]} Rhc8 (32... Rac8 $1 $17 33. Be2 Rhe8) 33. Nb7+ (33. g4 $1 $15 {should be considered.}) 33... Ke5 34. g4 f4 35. exf4+ gxf4 36. Rb1 Rcb8 37. Re1+ (37. g3 $17) 37... Kd4 $19 38. Nd6 (38. Rd1+ $142 Kxc4 39. Nd6+ Kb4 40. Rf1) 38... Rb6 39. Nf7 (39. Rd1+ {is a better defense.} Kc3 40. Nf7) 39... Re8 40. Rf1 Rf6 ({Wrong is} 40... Kxc4 $2 41. d6 $19) 41. d6 Re3 ({Don't go for} 41... Kxc4 $2 42. Rb1 $17) 42. Rd1+ Kxc4 43. Rc1+ $2 (43. Kg1) 43... Kd4 44. Rd1+ Rd3 45. Re1 Re3 $2 (45... f3 46. gxf3 Rfxf3) 46. Rd1+ Rd3 $2 (46... Ke4 47. g5 hxg5 48. Bf3+ Kf5 49. Rd5+ Kg6 50. Ne5+ {[#]} Rxe5 $1 {[%mdl 512]} 51. Rxe5 Rxd6 52. Rxc5 g4) 47. Re1 $1 f3 48. gxf3 Rfxf3 49. Ne5 Rd2+ 50. Kh1 Rh3+ 51. Kg1 Rg3+ 52. Kh1 Be6 {( -> ...Bd5+)} 53. Bf7 Bxf7 54. Nxf7 {[%mdl 4096] Endgame KRR-KRN} Kc3 55. Rc1+ Kb2 56. Rxc5 Re3 {[%cal Re3e1]} 57. Re5 Rxe5 58. Nxe5 Kxa2 {KR-KN} 59. d7 Kb3 {Black mates.} 60. Kg1 Kc3 61. Kf1 a5 62. Nc6 Rxd7 63. Nxa5 Rc7 64. Ke2 Kb4 {Weighted Error Value: White=0.52/Black=0.27 (precise)} 0-1

[Event "35th Cannes FIJ Open 2022"]
[Site "Cannes"]
[Date "2022.02.24"]
[Round "5.7"]
[White "Philippe, Guillaume"]
[Black "Bellahcene, Bilel"]
[Result "1/2-1/2"]
[WhiteElo "2411"]
[BlackElo "2509"]
[Annotator "TA"]
[PlyCount "62"]
[EventDate "2022.02.21"]
[EventType "swiss"]
[EventCountry "FRA"]
[SourceTitle "playchess.com"]
[Source "ChessBase"]
[SourceQuality "1"]

{[%evp 14,62,-25,-19,-21,-28,-37,-47,-30,-45,-42,-47,-27,-42,-22,-63,0,0,0,0,0,-56,-29,-49,-46,-47,-53,-51,0,0,-12,-21,0,0,0,0,0,0,0,0,33,35,25,25,32,28,27,8,8,6,17]} 1. e4 c5 2. Nf3 Nc6 3. g3 Nf6 4. d3 d5 5. Nbd2 e5 6. Bg2 d4 7. O-O {7.0-0 scores better than 7.Nc4.} Bd6 8. Nc4 Bc7 {A08: King's Indian Attack.} 9. a4 O-O 10. Ne1 Be6 {Black is slightly better.} 11. f4 exf4 12. gxf4 Qd7 13. Qf3 {[#]} Kh8 $146 ({Predecessor:} 13... Rae8 14. Nd2 Bg4 15. Qf2 Nh5 16. Nc4 Bh3 17. Qh4 Qg4 18. Qxh3 Qe2 19. Bf3 {1-0 (19) Nunes,M (1950)-Alves Campelo,D (2068) Natal 2018}) 14. Na3 (14. Qg3 $11) 14... Qe8 ({Better is} 14... g6 $15) 15. f5 $11 Bd7 16. Qh3 Ne5 17. Qh4 (17. Nf3 $11) 17... Nfg4 18. Nf3 f6 19. Nxe5 Nxe5 20. b3 a6 21. Nc4 $1 g5 22. fxg6 $1 Qxg6 {Threatens to win with ...Rg8.} 23. Nxe5 {Dancing on a razor blade.} Bxe5 ({Don't take} 23... fxe5 24. Bg5 $14) 24. Bf4 Rg8 {[%csl Gg8][%cal Rg6g2,Bf8g8,Bg8g7,Bg7f7][%mdl 32] [#]} 25. Rf2 Rg7 26. Bh6 Rf7 27. Kh1 {Black must now prevent Bf3.} Qg4 28. Qxg4 Bxg4 29. Bf3 Rg8 30. Rg1 Bxf3+ 31. Rxf3 Rg6 {Weighted Error Value: White=0.09 (flawless) /Black=0.11 (very precise)} 1/2-1/2

[Event "35th Cannes FIJ Open 2022"]
[Site "Cannes"]
[Date "2022.02.24"]
[Round "5.8"]
[White "Girel, Joseph"]
[Black "Nikolov, Momchil"]
[Result "1/2-1/2"]
[WhiteElo "2394"]
[BlackElo "2501"]
[Annotator "TA"]
[PlyCount "39"]
[EventDate "2022.02.21"]
[EventType "swiss"]
[EventCountry "FRA"]
[SourceTitle "playchess.com"]
[Source "ChessBase"]
[SourceQuality "1"]

{[%evp 13,39,15,15,15,13,11,34,23,29,19,19,29,27,10,13,0,0,0,0,0,0,0,0,0,0,0,0,0]} 1. d4 Nf6 2. c4 e6 3. Nf3 {[%cal Bg1f3,Bf3d2,Bd2c4][%mdl 32]} d5 4. Nc3 c6 5. e3 Nbd7 6. Be2 dxc4 7. a4 $1 {[%cal Ba2a4,Ba4a5][%mdl 4] is currently scoring better than 7.Bxc4.} Bd6 8. Nd2 {D45: Semi-Slav: 5 e3.} O-O 9. Nxc4 {[#]} Be7 $146 ({Predecessor:} 9... Bc7 10. b3 e5 11. Ba3 Re8 12. Nd6 Bxd6 13. Bxd6 exd4 14. Qxd4 Nf8 15. Rd1 Bf5 {1-0 (54) Bluebaum,M (2618)-Marcus,H (2631) Chess.com INT 2018}) 10. a5 {White is slightly better.} c5 11. O-O cxd4 12. exd4 Nd5 13. Bf3 N7f6 {The position is equal.} 14. Qb3 Bd7 15. Qxb7 {aiming for Ne5.} Rb8 $1 16. Qxa7 {[#] Nxd5 is the strong threat.} Ra8 17. Qb7 {[%cal Rf3d5]} Rb8 18. Qa7 {Strongly threatening Nxd5.} (18. Bxd5 $2 exd5 19. Qa6 dxc4 20. Qxc4 Rb4 $17) 18... Ra8 19. Qb7 {[%cal Rc3d5]} Rb8 20. Qa7 {An even fight not without its subleties.  Weighted Error Value: White=0.03 (flawless) /Black=0.02 (flawless)} (20. Bxd5 $2 exd5 21. Qa6 dxc4 22. Qxc4 Be6 $19) 1/2-1/2

[Event "35th Cannes FIJ Open 2022"]
[Site "Cannes"]
[Date "2022.02.24"]
[Round "6.1"]
[White "Godena, Michele"]
[Black "Boyer, Mahel"]
[Result "1/2-1/2"]
[WhiteElo "2442"]
[BlackElo "2407"]
[Annotator "RC"]
[PlyCount "44"]
[EventDate "2022.02.21"]
[EventType "swiss"]
[EventCountry "FRA"]
[SourceTitle "playchess.com"]
[Source "ChessBase"]
[SourceQuality "1"]
[TimeControl "40/5400+30:1800+30"]

1. e4 {[%emt 0:00:03]} e6 {[%emt 0:11:05]} 2. d4 {[%emt 0:00:16]} d5 {[%emt 0:00:06]} 3. Nd2 {[%emt 0:00:11]} c5 {[%emt 0:00:21]} 4. Ngf3 {[%emt 0:03:30]} Nc6 {[%emt 0:01:29]} 5. exd5 {[%emt 0:01:22]} exd5 {[%emt 0:00:06]} 6. Bb5 {[%emt 0:01:19]} Qe7+ {[%emt 0:00:07]} 7. Be2 {[%emt 0:03:53]} Qc7 {[%emt 0:00:30]} 8. dxc5 {[%emt 0:25:09]} Bxc5 {[%emt 0:00:10]} 9. Nb3 {[%emt 0:00:07]} Bb6 {[%emt 0:05:21]} 10. Nfd4 {[%emt 0:19:02]} Nf6 {[%emt 0:02:25]} 11. Be3 {[%emt 0:00:39]} a6 {[%emt 0:12:04]} 12. c3 {[%emt 0:16:38]} O-O {[%emt 0:06:16]} 13. Nc2 {[%emt 0:03:17]} Rd8 {[%emt 0:11:10]} 14. O-O {[%emt 0:01:24]} Bxe3 {[%emt 0:01:03]} 15. Nxe3 {[%emt 0:00:05]} Qb6 {[%emt 0:00:20]} 16. Qc2 {[%emt 0:08:00]} Be6 {[%emt 0:06:09]} 17. Rfd1 {[%emt 0:05:01]} d4 {[%emt 0:02:14]} 18. Nxd4 {[%emt 0:04:13]} Nxd4 {[%emt 0:03:40]} 19. cxd4 {[%emt 0:00:08]} Rxd4 {[%emt 0:00:53]} 20. Rxd4 {[%emt 0:00:12]} Qxd4 {[%emt 0:00:03]} 21. Rd1 {[%emt 0:00:18]} Qb6 {[%emt 0:00:45]} 22. b3 {[%emt 0:00:52]} h6 {[%emt 0:01:20]} 1/2-1/2

[Event "35th Cannes FIJ Open 2022"]
[Site "Cannes"]
[Date "2022.02.24"]
[Round "6.2"]
[White "Krzyzanowski, Marcin"]
[Black "Nihal Sarin"]
[Result "1/2-1/2"]
[WhiteElo "2523"]
[BlackElo "2656"]
[Annotator "TA"]
[PlyCount "35"]
[EventDate "2022.02.21"]
[EventType "swiss"]
[EventCountry "FRA"]
[SourceTitle "playchess.com"]
[Source "ChessBase"]
[SourceQuality "1"]

{[%evp 21,35,0,14,0,18,6,6,8,5,5,5,6,24,20,11,43]} 1. c4 Nf6 2. Nf3 e6 3. g3 d5 4. Bg2 Be7 5. O-O O-O 6. b3 b6 7. Bb2 Bb7 8. cxd5 Nxd5 9. Nc3 c5 10. d4 Nd7 $1 {10...Nd7 is better than 10...Nxc3.} 11. Rc1 Rc8 12. dxc5 {E17: Queen's Indian: 4 g3 Bb7 5 Bg2 Be7.} Bf6 13. Qd2 Nxc5 {[#] White must now prevent ...Bxc3.} 14. Nxd5 Bxd5 15. Bxf6 Qxf6 {[#]} 16. Qe3 $146 ({Predecessor:} 16. Qd4 Rfd8 17. Qxf6 {½-½ (18) Cvek,R (2488)-Polak,T (2532) Slovakia 2011}) 16... Rfd8 17. Ne5 Bxg2 18. Kxg2 {An even fight not without its subleties.  Weighted Error Value: White=0.02 (flawless) /Black=0.10 (very precise)} 1/2-1/2

[Event "35th Cannes FIJ Open 2022"]
[Site "Cannes"]
[Date "2022.02.24"]
[Round "6.3"]
[White "Maurizzi, Marc Andria"]
[Black "Meshkovs, Nikita"]
[Result "1/2-1/2"]
[WhiteElo "2502"]
[BlackElo "2559"]
[Annotator "TA"]
[PlyCount "59"]
[EventDate "2022.02.21"]
[EventType "swiss"]
[EventCountry "FRA"]
[SourceTitle "playchess.com"]
[Source "ChessBase"]
[SourceQuality "1"]

{[%evp 13,59,21,14,14,14,9,12,12,16,15,20,15,20,21,21,16,14,19,18,14,40,34,20,25,52,35,34,35,30,32,18,17,33,15,42,42,47,22,60,24,22,23,50,10,16,20,51,16]} 1. d4 d5 2. c4 e6 3. Nc3 Nf6 4. cxd5 exd5 5. Bg5 c6 6. e3 Be7 7. Bd3 Nbd7 {[%cal Bb8d7,Bd7f8,Bf8e6,Be6g7,Bg7f5][%mdl 32] 7...Nbd7 is better than 7...0-0.} 8. h3 {D35: Queen's Gambit Declined: Exchange Variation.} Nf8 9. Nf3 Ne6 10. Bh4 {The position is equal.} g6 11. O-O {[%cal Ob2b4]} Ng7 {[#]} 12. Rb1 $146 ({Predecessor:} 12. Bxf6 Bxf6 13. b4 {½-½ (13) Sivuk,V (2588)-Mirzoev,A (2457) Penang 2019}) 12... Nf5 13. Bxf6 Bxf6 14. b4 O-O 15. Qc2 a6 {To avoid b5} 16. a4 Re8 17. b5 axb5 18. axb5 Nd6 19. bxc6 bxc6 20. Na4 Ba6 21. Bxa6 Rxa6 22. Nc5 {Pair of Knights!} Ra7 23. Ra1 Rc7 24. Rfc1 Qe7 25. Qd3 (25. Na6 {seems wilder.} Rcc8 26. Nd2 Bh4 27. Re1 Nb5 28. Ra4) 25... Ne4 26. Ra2 Nxc5 27. Rxc5 Qd7 28. Qa6 Rec8 29. Rac2 Kg7 30. Qa4 {Weighted Error Value: White=0.06 (flawless) /Black=0.08 (flawless)} 1/2-1/2

[Event "35th Cannes FIJ Open 2022"]
[Site "Cannes"]
[Date "2022.02.24"]
[Round "6.4"]
[White "Nikolov, Momchil"]
[Black "Roebers, Eline"]
[Result "1/2-1/2"]
[WhiteElo "2501"]
[BlackElo "2341"]
[Annotator "TA"]
[PlyCount "72"]
[EventDate "2022.02.21"]
[EventType "swiss"]
[EventCountry "FRA"]
[SourceTitle "playchess.com"]
[Source "ChessBase"]
[SourceQuality "1"]

{[%evp 16,72,23,18,19,13,27,30,41,29,40,27,36,33,51,50,47,62,75,73,78,68,74,66,56,57,74,82,107,114,175,171,162,113,188,152,174,102,201,113,115,102,106,108,127,79,89,30,19,0,0,0,0,-57,-58,-58,-60,-81,-46]} 1. e4 c5 2. Nc3 Nc6 3. Bb5 Nd4 4. Bc4 e6 5. Nge2 Ne7 6. Nxd4 cxd4 7. Ne2 Nc6 8. O-O g6 {8...Be7 is the modern continuation.} 9. d3 Bg7 {B30: Sicilian: 2...Nc6 3 Bb5, lines without ...g6.} 10. Bf4 d5 11. exd5 exd5 {White has an edge.} 12. Bb3 O-O 13. Qd2 Re8 14. Rae1 Bg4 {[#]} 15. h3 $146 ({Predecessor:} 15. Ng3 Be6 16. Bh6 a5 17. Bxg7 Kxg7 18. a4 Rc8 19. f4 f5 20. Rf2 Qf6 21. Rfe2 {½-½ (80) Egorov,E (2361)-Vladimirov,M (2164) Pavlodar 2013}) 15... Be6 16. Bh6 Be5 17. Nf4 a5 {...a4 is the strong threat.} 18. Nxe6 Rxe6 19. c4 dxc3 20. bxc3 {[%cal Bb2c3,Bc3c4][%mdl 32]} a4 21. Bd1 d4 22. c4 Bd6 (22... Qa5 $16) 23. Rxe6 $18 fxe6 {[#]} 24. Bf3 (24. Bg4 $1 $18) 24... Qc7 (24... Ne5 $16) 25. Rb1 Rb8 26. Be4 {A strong pair of Bishops.} ({White should try} 26. Qe1 $18 Re8 27. Qd1) 26... a3 {[#]} (26... Ne5 $16 {might work better.}) 27. Qg5 (27. h4 $1 $18) 27... Ne5 $16 28. Qf6 Qf7 29. Qh4 {Black must now prevent Rb6. White is much more active.} b6 30. Qg5 (30. Rb5 $142) 30... Nd7 {[%cal Be5d7,Bd7c5,Bc5a4,Ba4c3][%mdl 32]} 31. Qd2 (31. h4 $16) 31... Nc5 $11 32. Qe2 Na4 {And now ...Nc3 would win.} 33. Bd2 Qf6 34. Rb3 (34. Qf3 $11 Qxf3 35. Bxf3) 34... Nc3 $15 35. Bxc3 dxc3 36. Qc2 Rf8 {Black defended with fortune.  Weighted Error Value: White=0.19 (very precise) /Black=0.12 (very precise)} 1/2-1/2

[Event "35th Cannes FIJ Open 2022"]
[Site "Cannes"]
[Date "2022.02.24"]
[Round "6.5"]
[White "Basso, Pier Luigi"]
[Black "Girel, Joseph"]
[Result "1/2-1/2"]
[WhiteElo "2600"]
[BlackElo "2394"]
[Annotator "TA"]
[PlyCount "103"]
[EventDate "2022.02.21"]
[EventType "swiss"]
[EventCountry "FRA"]
[SourceTitle "playchess.com"]
[Source "ChessBase"]
[SourceQuality "1"]

{[%evp 18,102,9,10,33,7,3,8,10,7,6,6,13,-8,-13,-1,22,33,31,14,34,0,0,0,0,0,0,0,0,0,0,4,0,1,5,0,41,3,2,8,3,6,4,8,8,8,9,0,12,12,12,25,20,23,25,12,12,12,12,12,26,0,0,0,0,0,0,0,0,0,0,0,0,0,0,0,0,0,0,0,0,0,0,0,0,0,0]} 1. d4 Nf6 2. c4 e6 3. Nf3 d5 4. g3 Be7 5. Bg2 O-O 6. Nc3 dxc4 7. Ne5 c5 8. dxc5 Qxd1+ 9. Nxd1 Bxc5 10. O-O Nc6 {E06: Closed Catalan: Early deviations.} 11. Bxc6 bxc6 12. Be3 Bb6 13. Bxb6 axb6 14. Nc3 Nd5 {[#]} 15. Rfc1 $146 {[%cal Bf1c1,Bc1c3,Bc3b3][%mdl 32]} ({Predecessor:} 15. a4 f6 16. Nxc4 Rb8 17. Rfc1 Ba6 18. Ne4 Rfc8 19. Kf1 c5 20. b3 Rc6 21. Ke1 Bxc4 22. Rxc4 {½-½ (43) Le,Q (2709)-Nakamura,H (2736) chess24.com INT 2021}) 15... Nxc3 16. Rxc3 c5 17. Nxc4 Rb8 18. Rb3 b5 (18... Ba6 $5 {[%cal Ra6c4]} 19. Nxb6 Rfd8 $14) 19. Nd6 Ba6 20. Ne4 Rfc8 21. Rc1 b4 22. Nxc5 Bxe2 23. f3 h6 24. Kf2 Bd1 25. Rd3 Ba4 26. Ke3 Bc6 (26... Rb5 $11 {was preferrable.} 27. Nb3 Re5+ 28. Kd4 Rd5+ 29. Ke3 Re5+ 30. Kd4 Rxc1 31. Nxc1 (31. Kxe5 Rc2 $17) 31... Re1) 27. Rd4 {Threatening Na6.} Bd5 28. Nd3 {Black must now prevent Rxc8+.} Bxa2 29. Rxb4 Bd5 30. Rxb8 Rxb8 $11 {[%mdl 4096] Endgame KRB-KRN} 31. b4 Kf8 32. Rc7 Rb7 33. Rxb7 Bxb7 {KB-KN} 34. f4 Ke7 35. Kd4 f6 36. Nb2 g5 37. b5 gxf4 38. gxf4 Bd5 39. Nc4 Bxc4 {The position is equal.} 40. Kxc4 {K3P-K3P} Kd6 41. Kd4 h5 42. h4 e5+ 43. Ke4 Kc5 44. fxe5 fxe5 45. Kxe5 {[#] White wants to mate with Kf6.} Kxb5 {KP-KP} 46. Kf5 {White threatens Kg5 and mate.} Kc6 47. Kg6 Kd7 48. Kxh5 {Kg6 would kill now.} Ke7 49. Kg6 {[#] Threatening mate with Kg7.} Kf8 50. h5 Kg8 51. h6 Kh8 52. h7 {A rather calm draw.  Weighted Error Value: White=0.04 (flawless) /Black=0.03 (flawless)} 1/2-1/2